| 000 | 01534cam a22002894a 4500 | ||
|---|---|---|---|
| 001 | 12214318 | ||
| 003 | OSt | ||
| 005 | 20200708095035.0 | ||
| 008 | 991026s2000 mx c gr 000 0bspa | ||
| 010 | _a00459331 | ||
| 020 | _a9681332814 | ||
| 040 |
_aDLC _cCO-JMCR |
||
| 041 | 0 | _aspa | |
| 082 | 0 | 4 |
_a759.972 / _bM636o _223 |
| 100 | 1 |
_aMijangos, Mario, _eautor _96848 |
|
| 245 | 1 | 3 |
_aEl otro Tamayo : _bsu intimidad, sus juicios y debilidades / _cMario Mijangos. |
| 246 | 3 | _aTamayo | |
| 250 | _aPrimera edición | ||
| 260 |
_aMéxico : _bEditorial Diana, _cc2000. |
||
| 300 |
_a237 páginas : _bilustraciones, retratos, fotografías a color y blanco y negro ; _c23 cm. |
||
| 505 | 0 | _aTamayo y su origen aoxaqueño -- Tamayo y los desgobernadores -- Un museo inconcluso -- El carácter de Olga -- Su amor por los perros -- El altruismo de Tamayo -- La odisea por el museo en Chapultepec -- "La Rifa del Tigre" -- Tamayo y algunas de sus musas -- Un aniversario inolvidable -- Algunas falsificaciones de obras de Tamayo -- La salud de Tamayo -- Dialogos de Tamayo -- Tamayo poeta -- Carta al director del periódico -- Carteles del sur -- Carta del director de Uno más uno -- Rufino Tamayo: Cronología | |
| 520 | 0 | _aMucho se ha escrito sobre la vida artística, honores y técnicas pictóricas de Rufino Tamayo, pero ¿Cómo era Rufino Tamayo cómo persona? | |
| 600 | 1 | 0 |
_aTamayo, Rufino, _d1899-1991. _96849 |
| 650 | 1 | 4 |
_aTamayo, Rufino, _y1899-1991 _96850 |
| 650 | 2 | 4 |
_aPainters _zMexico _vBiography. _96851 |
| 942 |
_2ddc _cBK |
||
| 999 |
_c6748 _d6748 |
||